01269nam a2200241Ia 4500001001100000003001000011008004100021040002500062041001300087100001900100245007400119250001100193260006000204300002600264500019600290501011400486520019600600650001300796942000700809957000600816999004300822952016200865L330-23817IT-CnALBA170116s9999||||xx |||||||||||||| ||und|| aIT-CnALBAcIT-CnALBA aITALIANO aBERTRAND LUIGI 0aGASPARE DELLA NOTTE: FANTASIE ALLA MANIERA DI REMBRANDT E DI CALLOT.  a1a ed. a FIRENZEbSANSONI G. C., EDITORE c1943 [1° Ed.: n.d.] a96 p. (prefazione: 7) aTRADUZIONE DI DINA LANFREDINI. A VICTOR HUGO. SCUOLA FIAMMINGA. CAPITANO LAZZARO. ALCHIMISTA. DUE EBREI. LA CELLA. I MULATTIERI. PADRE PUGNACCIO. A CARLO NODIER. BIOGRAFIA DI LUIGI BERTRAND.  aSocietà San Paolo EM - Piazza San Paolo, 14 - 12051 ALBA (CN) (non commercial uses only) ® Copyright 2017 aTRADUZIONE DI DINA LANFREDINI. A VICTOR HUGO. SCUOLA FIAMMINGA. CAPITANO LAZZARO. ALCHIMISTA. DUE EBREI. LA CELLA. I MULATTIERI. PADRE PUGNACCIO. A CARLO NODIER. BIOGRAFIA DI LUIGI BERTRAND.  aECONOMIA cBK 71 a28560bSI g Copie: 1 c282916d282916 0010406L_3302381771aALBAbALBAd2017-01-16l0oL330-23817r2017-01-16 00:00:00w2017-01-16yBKz(data import: 16 gennaio 2017) - By Epidotti, Vaglietti.